| 000 | 01041nac a22003017a 4500 | ||
|---|---|---|---|
| 001 | BR9603966 | ||
| 003 | BR-BrBNA | ||
| 005 | 20240105121801.0 | ||
| 008 | 230509b bl.|||m| |||| 00| 0 por d | ||
| 040 |
_aBR-BrBNA _bpor _cBiblioteca Nacional de Agricultura |
||
| 072 | _aF06; P33 | ||
| 090 | _aF06 BR9603966 | ||
| 100 | 1 | _aCarvalho, D.F. de | |
| 100 | 1 | _aSoares, A.A. | |
| 100 | 1 | _aRamos, M.M. | |
| 100 | 1 | _aMartins, J.H. | |
| 110 | 1 |
_aAssociacao dos Engenheiros Agricolas de Minas Gerais, Vicosa (Brasil) _9584 |
|
| 245 | 1 | _aSimulacao das fases de avanco e recessao nas irrigacoes continua e intermitente, utilizando o modelo zero-inercia | |
| 260 | 3 |
_aVicosa, MG (Brasil): _c1994. |
|
| 300 | _a13 p. | ||
| 490 |
_aEngenharia na Agricultura. Serie Irrigacao e Drenagem (Brazil) _vv. 3(37) _xISSN 0103-9806 |
||
| 500 | _aSummaries (En, Pt); 13 ref. | ||
| 650 | _aIrrigacao Superficial | ||
| 650 | _aInfiltracao | ||
| 650 | _aModelo Matematico | ||
| 909 |
_a202312 _bLúcia Elande _c55 _dLúcia Elande |
||
| 942 |
_2AGRIS _n0 _cMS |
||
| 999 |
_c287427 _d287427 |
||